| 000 | 00866nam a22002537a 4500 | ||
|---|---|---|---|
| 005 | 20240628105129.0 | ||
| 010 | _aENG-138705 ENG-138762 | ||
| 020 |
_a9789390897216 _c395.00 |
||
| 020 |
_a9789390897001 _c995.00 |
||
| 020 |
_a9789390897292 _c1295.00 |
||
| 035 | _aB-747395-400 EN-122237 | ||
| 035 | _aEN-122294 | ||
| 037 | _bDBAD/PUB | ||
| 082 | _a370 | ||
| 100 |
_aDansana, Ashok _967905 |
||
| 245 |
_aEducational Sociology/ _cBy Ashok Dansana; Sraban Kumar Bag and Farzana Shehla |
||
| 260 |
_aNew Delhi _bNeelkamal Publications _c2021 |
||
| 270 |
_a4764/1, 23, Ansari Road, Daryaganj, _bNew Delhi _e110002 _k011-23244237 _k9811828953 |
||
| 300 |
_axii,208p. _c24cm(pbk) |
||
| 300 |
_axii,208p. _c25cm(Hbk) |
||
| 700 |
_aBag, Sraban Kumar _eAuthor _960140 |
||
| 700 |
_aShehla, Farzana _eAuthor _960141 |
||
| 942 |
_2ddc _cEN _h370.193 _mDAN |
||
| 999 |
_c199767 _d199767 |
||